Erosion and related land use conditions on the Spartanburg municipal reservoir watershed, South Carolina. (Record no. 10006)

MARC details
000 -LEADER
fixed length control field 01186cam a22002771 4500
001 - CONTROL NUMBER
control field agr40000090
003 - CONTROL NUMBER IDENTIFIER
control field DLC
005 - DATE AND TIME OF LATEST TRANSACTION
control field 20260227110958.0
008 - FIXED-LENGTH DATA ELEMENTS--GENERAL INFORMATION
fixed length control field 800620s1940 dcub f000 0 eng
010 ## - LIBRARY OF CONGRESS CONTROL NUMBER
LC control number agr40000090
035 ## - SYSTEM CONTROL NUMBER
System control number (OCoLC)6443891
040 ## - CATALOGING SOURCE
Original cataloging agency DLC
Transcribing agency ScU
Modifying agency ScU
-- DLC
042 ## - AUTHENTICATION CODE
Authentication code premarc
050 00 - LIBRARY OF CONGRESS CALL NUMBER
Classification number S623
Item number .U44 no. 9
110 1# - MAIN ENTRY--CORPORATE NAME
Corporate name or jurisdiction name as entry element United States.
Subordinate unit Soil Conservation Service.
245 10 - TITLE STATEMENT
Title Erosion and related land use conditions on the Spartanburg municipal reservoir watershed, South Carolina.
Statement of responsibility, etc. By Turner C. Bass and Irving L. Martin.
260 ## - PUBLICATION, DISTRIBUTION, ETC.
Place of publication, distribution, etc. Washington
Name of publisher, distributor, etc. [U.S. Govt. print. off.]
Date of publication, distribution, etc. 1940.
300 ## - PHYSICAL DESCRIPTION
Extent 16 p.
Other physical details 2 maps (1 fold. in pocket)
Dimensions 23 cm.
500 ## - GENERAL NOTE
General note Cover-title.
500 ## - GENERAL NOTE
General note Issued by U.S. Dept. of Agriculture. Soil Conservation Service.
500 ## - GENERAL NOTE
General note "Field survey by Turner C. Bass, Irving L. Martin, Montague Howard, jr., William E. Jones, Roy P. Matelski, Boyd J. Patton, E.C. Sease, and R. H. Walker."-- p. 1.
500 ## - GENERAL NOTE
General note In pamphlet box with 16 additional folded maps.
700 1# - ADDED ENTRY--PERSONAL NAME
Personal name Bass, Turner Cheshire,
Dates associated with a name 1906-
700 1# - ADDED ENTRY--PERSONAL NAME
Personal name Martin, Irving Lee,
Dates associated with a name 1902-
740 0# - ADDED ENTRY--UNCONTROLLED RELATED/ANALYTICAL TITLE
Uncontrolled related/analytical title Spartanburg municipal reservoir watershed, South Carolina.

No items available.

Powered by Koha